Les Rougon-Macquart d'Émile Zola - Statistiques

Statistiques générales
  • Ce quiz a été pris 4 849 fois
  • Le résultat moyen est 8 sur 20
Statistiques - réponses
Année Titre % Correct
1885 Germinal
86%
1880 Nana
71%
1877 L'Assommoir
69%
1883 Au Bonheur des Dames
61%
1890 La Bête humaine
53%
1871 La Fortune des Rougon
48%
1873 Le Ventre de Paris
44%
1872 La Curée
41%
1886 L'Œuvre
34%
1887 La Terre
33%
1875 La Faute de l'abbé Mouret
32%
1891 L'Argent
32%
1893 Le Docteur Pascal
31%
1882 Pot-Bouille
31%
1888 Le Rêve
28%
1876 Son Excellence Eugène Rougon
27%
1874 La Conquète de Plassans
26%
1892 La Débâcle
26%
1878 Une Page d'amour
23%
1884 La Joie de vivre
21%
Aucun quiz correspondant
Distribution des résultats
% des personnes avec chaque résultat
Percentile par nombre de réponses
Votre historique - résultats
Vous n’avez pas pris ce quiz